Niečo o ratingu a jeho definíciách

Bibliographic Details
Main Author: Mužila, Cyril (Author)
Format: Article
Language:Slovak
PhysicalDescription:Tab.
ISSN:1335-1044
Subjects:

MARC

LEADER 00000nab a2200000 a 4500
001 vtls000778440
003 SK-MaSNL
005 20260302152442.0
008 180205c2001 xo 0 slo
015 |a SNBRB2002/01-03142 
035 |a CLN000130219 
040 |a SNKBUCL  |b slo  |c SNKBUCL  |e AACR2 
041 0 |a slo 
044 |a xo  |c SK 
080 |a 368  |2 UDC-MRF-SK2 
100 1 |a Mužila, Cyril  |4 aut  |9 845788 
245 1 0 |a Niečo o ratingu a jeho definíciách  |c Cyril Mužila 
300 |b Tab. 
650 0 7 |a poisťovníctvo  |x rating  |2 snkbucl  |9 845789 
650 0 7 |a rating  |2 snkbucl  |9 13255 
655 7 |a články z novín a časopisov  |2 snkbucl  |9 267496 
773 0 |x 1335-1044  |t Poistné rozhľady  |g Roč. 7, č. 5 (2001), s. 7 
850 |a Slovenská národná knižnica v Martine 
852 |a SNK  |b KIS3GCP 
958 |a RBX 
999 |c 1362649  |d 1364579